[Event "ESP-ch U14 rapid"]
[White "San Vicente Crespo, Pablo"]
[Black "Osuna Smyshlyayev, Ivan"]
[Site "Salobrena"]
[Round "5"]
[Result "1-0"]
[Date "2024.07.21"]
[WhiteElo "1851"]
[BlackElo "1720"]
[PlyCount "53"]
[EventDate "2024.07.20"]
[EventType "swiss (rapid)"]
[EventRounds "9"]
[EventCountry "ESP"]
[SourceTitle "CBM 221 Extra"]
[Source "ChessBase"]
[SourceDate "2024.09.30"]
[SourceVersion "1"]
[SourceVersionDate "2024.09.30"]
[SourceQuality "1"]

1. e4 c5 2. Nf3 e6 3. d4 cxd4 4. Nxd4 Nc6 5. c4 Qc7 6. Nc3 Nf6 7. a3 Be7 8. Be2 0-0 9. 0-0 b6 10. Kh1 Bb7 11. Ndb5 Qc8 12. f4 a6 13. Nd6 Bxd6 14. Qxd6 Qb8 15. Qd3 d6 16. Be3 Qc7 17. Na4 b5 18. cxb5 axb5 19. Nc3 b4 20. Nb5 Qd7 21. Qxd6 Qxd6 22. Nxd6 Ba6 23. Bxa6 Rxa6 24. Bc5 Rd8 25. axb4 Rxa1 26. Rxa1 e5 27. b5 1-0

[Event "ESP-ch U14 rapid"]
[White "Osuna Smyshlyayev, Ivan"]
[Black "Miro Garcia, Julia"]
[Site "Salobrena"]
[Round "2"]
[Result "1-0"]
[Date "2024.07.20"]
[WhiteElo "1720"]
[BlackElo "1848"]
[PlyCount "131"]
[EventDate "2024.07.20"]
[EventType "swiss (rapid)"]
[EventRounds "9"]
[EventCountry "ESP"]
[SourceTitle "CBM 221 Extra"]
[Source "ChessBase"]
[SourceDate "2024.09.30"]
[SourceVersion "1"]
[SourceVersionDate "2024.09.30"]
[SourceQuality "1"]

1. e4 e6 2. d4 d5 3. Nc3 Nf6 4. e5 Nfd7 5. f4 c5 6. Nf3 Nc6 7. Be3 cxd4 8. Nxd4 Bc5 9. Bb5 Nxd4 10. Bxd4 Bxd4 11. Qxd4 a6 12. Bd3 Qc7 13. 0-0 Nc5 14. Rf3 Bd7 15. Raf1 b5 16. f5 0-0-0 17. b4 Nxd3 18. Rxd3 Qc4 19. Qb6 Qc6 20. Qxc6+ Bxc6 21. Ne2 Bd7 22. f6 gxf6 23. Rxf6 Rhg8 24. Rxf7 h5 25. Nf4 Rg5 26. Rc3+ Kb8 27. Rh3 Rxe5 28. Nd3 Rg5 29. Nc5 Bc8 30. Re3 e5 31. Re7 e4 32. Rf7 Rdg8 33. g3 h4 34. Kg2 h3+ 35. Kf2 Re5 36. Rf4 Ree8 37. Ke2 Ref8 38. Rh4 Rh8 39. Rxh8 Rxh8 40. Kd2 Re8 41. Re2 Bf5 42. Ke3 Ka7 43. Rf2 Bg6 44. Rf6 Bh7 45. Rxa6+ Kb8 46. Re6 Rd8 47. Kd4 Kc8 48. Rc6+ Kb8 49. Rb6+ Ka7 50. Rxb5 Ka8 51. a4 Re8 52. Rb7 Bg8 53. Rg7 e3 54. Nd3 e2 55. Ne1 Be6 56. b5 Rf8 57. Re7 Rf1 58. Rxe6 Rxe1 59. Ke3 d4+ 60. Kd2 Kb8 61. Rxe2 Ra1 62. Re4 Rxa4 63. Rh4 Rb4 64. Rxh3 Rxb5 65. Rh4 Rd5 66. Kd3 1-0

[Event "ESP-ch U12 rapid"]
[White "Camacho Valadez, Marta"]
[Black "Osuna Smyshlyayev, Ivan"]
[Site "Salobrena"]
[Round "1"]
[Result "1/2-1/2"]
[Date "2023.07.15"]
[WhiteElo "1132"]
[BlackElo "1434"]
[PlyCount "147"]
[EventDate "2023.07.15"]
[EventType "swiss (rapid)"]
[EventRounds "9"]
[EventCountry "ESP"]
[SourceTitle "EXT 2024"]
[Source "ChessBase"]
[SourceDate "2023.10.10"]
[SourceVersion "1"]
[SourceVersionDate "2023.10.10"]
[SourceQuality "1"]

1. d4 d5 2. Nf3 Nf6 3. e3 Bf5 4. Bd3 Bxd3 5. Qxd3 e6 6. 0-0 c6 7. b3 Bd6 8. Bb2 Nbd7 9. Qd1 0-0 10. Nbd2 c5 11. Ne5 cxd4 12. exd4 Qc7 13. Ndf3 Ne4 14. Nxd7 Qxd7 15. Ne5 Bxe5 16. dxe5 Qc7 17. f3 Nc5 18. Ba3 Rfc8 19. Qd4 Qb6 20. Bxc5 Qxc5 21. Qxc5 Rxc5 22. Rac1 Rc3 23. Rfe1 Rac8 24. Re2 h6 25. Rd2 R8c6 26. Kf2 Ra6 27. a4 Rac6 28. Ke2 Rxb3 29. Ra1 Rbc3 30. Kd1 Ra6 31. Rd4 Rc4 32. Rxc4 dxc4 33. Kd2 Ra5 34. f4 g5 35. g3 gxf4 36. gxf4 Kh7 37. Kc3 b6 38. Kxc4 Rc5+ 39. Kd3 Kg6 40. c3 Kf5 41. Kd4 Rd5+ 42. Kc4 Kxf4 43. Rf1+ Kxe5 44. Rxf7 Ra5 45. Kb4 Ke4 46. Rh7 h5 47. c4 Kf3 48. c5 Rxc5 49. Rxa7 Kg2 50. Rb7 Kxh2 51. Rxb6 Rc1 52. Rxe6 h4 53. a5 Rb1+ 54. Kc5 Kg2 55. Rg6+ Kf3 56. a6 h3 57. a7 Ra1 58. Kb6 h2 59. Rh6 Kg2 60. Rg6+ Kf3 61. Rh6 Kg3 62. Rg6+ Kf4 63. Rh6 Kg3 64. Rg6+ Kf2 65. Rh6 Kg1 66. Rg6+ Kf1 67. Rh6 Kg2 68. Rg6+ Kh3 69. Rh6+ Kg3 70. Rg6+ Kf2 71. Rh6 Kg1 72. Rg6+ Kh1 73. Kb7 Rxa7+ 74. Kxa7 1/2-1/2